000 00971nam a22003017a 4500
003 CHAP
005 20220329143446.0
008 091027s2008 mx r 00010 spa d
010 _a96961
011 _a97933
020 _a9788476588918
035 _a108607
040 _cCHAP
082 0 4 _a142
_bP36
100 1 _aPeláez Cedrés, Álvaro J.
_986638
245 1 0 _aLo a priori constitutivo :
_bhistoria y prospectiva
_c/por Alvaro J. Peláez Cedrés
260 _aBarcelona :
_bAnthropos ;
_aMéxico :
_bUAM, Unidad Cuajimalpa,
_c2008
300 _a254 p. :
_bilus.
590 _aBATCH-UPD
_b10
_c20130110
_lUCH01
_h0931
590 _aBATCH-UPD
_b10
_c20130410
_lUCH01
_h0550
590 _aBATCH-UPD
_b10
_c20130914
_lUCH01
_h1407
590 _aCONVERSION
_b10
_c20130109
_lUCH01
_h1354
650 1 4 _aFilosofía.
_940890
650 1 4 _aPensamiento.
_986728
901 _aBK
942 _cLIBRO
949 _a142 P36
_bBC
_cLIBRO
_d33724002131116
_eLIBRO
_gI.c/e
_h111239
_i108607
_sb
999 _c96961
_d96961